1448 1024 1156 1729 1803 1718 1211 1313 1862 1784 1120 1683 1806 1978 1950 1789 1584 1291 1318 1002 1249 1302 1185 1702 1221 1732 1298 1628 1393 1512 1934 1739 1113 1258 1050 1553 1981 1760 1470 1213 1948 1033 1359 1351 1267 1093 1164 1719 1863 1710 1237 1212 1118 1383 1434 1279 1541 1628 1975 1652 1843 1443 1578 1284 1139 1353 1257 1594 1537 1964 1574 1353 1556 1015 1961 1773 1413 1810 1377 1432 1087 1893 1350 1721 1464 1859 1927 1153 1192 1012 1838 1956 1000 1242 1860 1894 1458 1292 1272 BCNSPRNW ULIB Ver.6.0+V

เปลี่ยนเป็นภาษาไทย

Change to English
 แสดงรายละเอียดบรรณานุกรม
  กลับหน้าหลัก

Brief Record : Get Marc (ISO 2709) : E-mail record : QR code < ปิดหน้าต่าง
LEADER : 00000nam 2200000uu 4500
001    13399128897
003     ULIB
008    241028s2023||||th 000 0 tha d
020    ^a9781975174576
060 04 ^aWG18.2^bH889E
100 1  ^aHuff, Jane
245 10 ^aECG workout Exercises in Arrhythmia Interpretation /^cJane Huff
250    ^a8th ed.
260    ^aPhiladelphia :^bWolters Kluwer Health/Lippincott Williams& Wilkins,^c2023
300    ^aiv, 475 p. :^bill. ;^c28 cm
500    ^aIncludes index
650  2 ^aArrhythmias, Cardiac^xdiagnosis^vProblems and Exercises
650  2 ^aElectrocardiography^vProblems and Exercises
945    ^p2440^l0^i011144
999    ^aประนอม เกษจรัล
รายการนี้ยังไม่มีแท็ก
คุณยังไม่ได้ล็อกอิน คุณสามารถมีกิจกรรมร่วมกับเว็บไซต์ได้ แต่ต้องล็อกอินก่อน ::
  ล็อกอิน

รายการสื่อสารสนเทศ

ลำดับที่ ประเภท เลขเรียก/บาร์โค้ด สถานที่ สถานะ
1. วิทยาศาสตร์การแพทย์ และสุขภาพ
หนังสือสำรอง
สถานะ=หนังสือสำรอง
WG18.2 H889E ฉ.1 
  Barcode: 011144
ห้องสมุดวิทยาเขตสวรรค์ประชารักษ์
►หนังสือทั่วไป
บนชั้น

BibComment


ยังไม่เคยถูกคอมเมนท์

คอมเมนท์ทรัพยากรรายการนี้
  คอมเมนท์: ECG workout Exer..


 Copyright 2026. Bcnsprnw @Library